01020pam a2200301 ia4500001001400000003000400014005001700018008004100035015001400076020002300090020003800113040002900151082001900180100002400199245008500223264005400308300004500362336002100407336002800428337002500456338002300481490003800504650003300542650004000575650003400615650003100649830003800680vtls000912885PNM20210926114515.0200921s2021 my ao j 000 0 may  aM21-01964 a9789671846605qset a9789671846629qpaperbackcRM41.50 aBNMbengcBNMerdadPPAK04a371.8095952230 aZulfadzli,eauthor.10aPASUKAN KADET BERSATU MALAYSIA DAN PERGERAKAN PUTERI ISLAM MALAYSIA /cZulfadzli 1aKuala Lumpur :bELEGANT MIND PUBLICATION,c[2021] a48 pages :bcolour photographs ;c26 cm. atext2rdacontent astill image2rdacontent aunmediated2rdamedia avolume2rdacarrier1 aAktif Kokurikulum Unit Beruniform10aStudent activitieszMalaysia20aScouting (Youth activity)zMalaysia20aScouts and scoutingzMalaysia20aGirlsxSocieties and clubs 0aAktif kokurikulum unit beruniform